000 00671nam a22002297a 4500
001 6180
003 FISKH
005 20250324155321.0
008 250324b cb ||||| |||| 00| 0 eng d
020 _a437451984
040 _aFISKH
_beng
_cFISKH
_dFISKH
050 _aQC981.H37
082 _a551.5
100 _aHardy, David A.
245 _aAir and weather :
_bThe advacne of science /
_cBy David A.Hardy : Foreword by Peter Fairley
250 _aFirst published in 1977
260 _aLondon :
_bWorld's Work Ltd ;
_c1977.
300 _a61 pages :
_bcolor illustrations ;
_c24 cm .
700 _aFairley, Peter
_eForeword
942 _2ddc
_cBK
_n0
999 _c6180
_d6180